Grupo Especializado de Consulta sobre la Normatividad Jurídico-Pedagógica: Comisión de Legislación Educativa (Record no. 69596)

MARC details
000 -CABECERA
campo de control de longitud fija 00626nam a2200193 a 4500
005 - FECHA Y HORA DE LA ÚLTIMA TRANSACCIÓN
campo de control 20210219153142.0
008 - ELEMENTOS DE LONGITUD FIJA--INFORMACIÓN GENERAL
campo de control de longitud fija 991125n 000 0 u
035 ## - NÚMERO DE CONTROL DEL SISTEMA
Número de control de sistema UPN01000080598
222 ## - TÍTULO CLAVE
Título clave EDUCACION :
Información calificativa REVISTA DEL CONSEJO NACIONAL TECNICO DE LA EDUCACION
245 ## - MENCIÓN DE TÍTULO
Título Grupo Especializado de Consulta sobre la Normatividad Jurídico-Pedagógica: Comisión de Legislación Educativa
300 ## - DESCRIPCIÓN FÍSICA
Extensión 103-104
362 ## - FECHAS DE PUBLICACIÓN Y/O DESIGNACIÓN SECUENCIAL
Fecha de publicación y/o designación secuencial 1987-1988 5a época, vol. 9, no. 44 dic.-feb.
653 0# - TERMINO DE INDIZACION - NO CONTROLADO
Término no controlado CNTE
653 0# - TERMINO DE INDIZACION - NO CONTROLADO
Término no controlado DERECHO
653 0# - TERMINO DE INDIZACION - NO CONTROLADO
Término no controlado EDUCACION
653 0# - TERMINO DE INDIZACION - NO CONTROLADO
Término no controlado LEGISLACION EDUCATIVA
904 ## - ELEMENTOS DE DATOS D LOCAL, LDD (RLIN)
a AC
b 018409
905 ## - TIPO DE MATERIAL
Tipo de material Articulo

No items available.